000 00440nam a2200181Ia 4500
001 17511
005 20260306171523.0
008 260306s9999||||xx |||||||||||||| ||und||
041 _aESP
082 _a658
_bS36
100 _aSeiler, Robert E.
_eAUT
245 0 _aEfectividad en la investigación y el desarrollo
260 _c1974
300 _a208 pƔginas :
_c23 cm
650 _aGEN
654 _aCAN
942 _cLIB
_dJUS
_fJUS
_2ddc
_n
999 _c17511
_d17511